000
00306nam a2200109Ia 4500
008
190914s9999||||xx |||||||||||||| ||und||
100
_a
Marion Cole
245
0
_a
Introduction To Telecommuinications Voice Data and the Internet
260
_a
New Jersey
_b
World Scientific
_c
1987
300
_a
2732
942
_c
BK
999
_c
8589
_d
8589